| 000 | 00440nam a2200157Ia 4500 | ||
|---|---|---|---|
| 999 |
_c19777 _d19777 |
||
| 003 | OSt | ||
| 005 | 20200618101507.0 | ||
| 008 | 190216s9999||||xx |||||||||||||| ||und|| | ||
| 040 | _coclc | ||
| 082 |
_a954 _bSIN/H |
||
| 100 |
_aSinghal, D P _93031 |
||
| 245 | 0 |
_aA History Of The Indian People / _cD P Singhal |
|
| 260 |
_bMethuen & Co, _c1983. _aLondon: |
||
| 300 | _a481p | ||
| 942 |
_cBK _2ddc _h954 _iSIN/H _k954 _mSIN/H |
||